00361cam a2200133 4500008004100000020001800041035002000059050002700079100002400106245004100130260003400171300001000205650001200215150602n 000 0 eng u a9780373826032 a(Sirsi) a190448 aPN 3377.5.L68 CHR 2008 aCgristenberry, Judy aRunaway cowboy /cJudy Christenberry aOntario: bHarlequin, c2008. a281p. aFiction